00398nam a22001337a 450000500170000000800410001704100250005808200130008310000250009624500420012126000450016330000290020865000270023720240308095844.0240308b |||||||| |||| 00| 0 eng d aAfrikaans / English  a349 TYD  lAfrikaans / English  aTydskrif vir die Suid-Afrikaanse Reg  aKaapstad : bJuta en Kie Beperk, c1984  b103 blaadsye ; c25 cm.  aLegal practice b Law